| 000 | 00591nam a2200181Ia 4500 | ||
|---|---|---|---|
| 001 | 2557 | ||
| 005 | 20260306144816.0 | ||
| 008 | 260306t2017||||xx |||||||||||||| ||spa|| | ||
| 041 | _aESP | ||
| 082 |
_a616.89142 _bK489 |
||
| 100 |
_aKuyken, Willem _eAUT |
||
| 245 | 0 |
_aConceptualización colaborativa del caso, trabajar de forma eficaz con los clientes en la terapia cognitivo-conductual: _btrabajar de forma eficaz con los clientes en la terapia cognitivo-conductual |
|
| 260 | _c2017 | ||
| 300 |
_a507 páginas : _c21 cm. |
||
| 650 | _aGEN | ||
| 654 | _aCPS | ||
| 942 |
_cLIB _dJUS _fJUS _2ddc _n |
||
| 999 |
_c2557 _d2557 |
||